000 00825nac a22002417a 4500
001 BR8807627
003 BR-BrBNA
005 20240105120904.0
008 230509b bl.|||m| |||| 00| 0 por d
040 _aBR-BrBNA
_bpor
_cBiblioteca Nacional de Agricultura
072 _aF01
090 _a1540 BR8807627
110 1 _aComissao Executiva do Plano da Lavoura Cacaueira, Ilheus, BA (Brasil). Depto. de Extensao
_92112
245 1 _aMandioca; microrregiao - Extremo Sul [Bahia]
260 3 _aIlheus, BA (Brasil):
_c1988.
300 _a18 p.
490 _aSistemas de Producao - Comissao Executiva do Plano da Lavoura Cacaueira. Depto. de Extensao (Brazil)
_vno. 8
_x
650 _aMANDIOCA
650 _aPRATICA CULTURAL
650 _aBAHIA
909 _a202312
_bLúcia Elande
_c55
_dLúcia Elande
942 _2AGRIS
_n0
_cMS
999 _c282018
_d282018